000 00264nam a2200109Ia 4500
005 20251222140026.0
008 251222s1900||||xx |||||||||||||| ||spa||
082 _a128/M34
100 _aMead, Margaret
245 0 _aAntropología, la Ciencia del Hombre
942 _cLIB
999 _c2781
_d2781